000
00319nam a2200157Ia 4500
100
_a
ShivaKumar/B.L
650
_a
MCQ
942
_c
BK
366
_f
20
654
_a
MCQ
245
_a
MCQ's in computer science
260
_b
U.S.Press
_c
2015
082
_a
4.1
_b
SHI
300
_a
257
546
_a
ENGLISH
_c
Computers
999
_c
29896
_d
29896